00496nam a2200157 i 4500001000300000100002000003245005400023260002100077040000800098041000800106942000700114008004100121999001700162856009800179952006100277bg1 aHAŁYS, Józef 0aPiłka nożna w Polsce.nT. 1 /cJózef Hałys. aKraków,c1981. cBPK apol cKS s pl f |000 0 pol  c20729d20729 uhttp://koha.tu.koszalin.pl/cgi-bin/koha/opac-detail.pl?biblionumber=20729yKatalog online BPK 00104070aBPKbBPKcwo29157p01620924s2013-04-26yKS